| 000 | 00780nkm a2200205 i 4500 | ||
|---|---|---|---|
| 001 | 94217 | ||
| 003 | ES-MaACL | ||
| 005 | 20241114111411.0 | ||
| 007 | ki co | ||
| 008 | 050718q1923 pn --- |00 ||spa d | ||
| 100 | 1 |
_aEndara, Carlos ( _d1867-1954) _9152108 |
|
| 245 | 1 | 0 |
_aMonumento a los franceses zapadores del Canal de Panamá [ _hMaterial gráfico] / _c[C. Endara]. |
| 260 |
_aPanamá : _b[C. Endara, _cca. 1923] |
||
| 300 |
_a1 álbum (11 fot.) ; _c19 x 27 cm. |
||
| 599 | _a11 fotografías bl. y n., pegadas en cartulina marrón ; a huella seca, figura: C. Endara, Panamá (en cub.) | ||
| 651 | 4 |
_aCanal de Panamá- _vObras ilustradas. _9174068 |
|
| 852 | 4 |
_aES-MaACL _j1770-F-2 _z- Donativo Pedro Gomala Blanco |
|
| 942 |
_2udc _cDIBGRB |
||
| 999 |
_c94217 _d94217 |
||